Corporacin̤ 2020 Transformar los negocios para el mundo del maąna /

Detalles Bibliográficos
Autor principal: Sukhdev, Pavan
Formato: eBook
Lenguaje:español
Publicado: Bogot:̀ ECOE, 2013
Materias:
Acceso en línea:Acceso restringido

MARC

LEADER 00000nam a22000007a 4500
005 20220210231312.0
007 cr|||| ||||
008 220210s2013 co |||||s|||| 00||0 spa d
020 |a 978-958-771-035-9 
035 |a 35800 
040 |a vLex 
090 |c 12948  |d 12948 
100 1 |a Sukhdev, Pavan 
245 1 0 |a Corporacin̤ 2020  |h [Recurso electrn̤ico] :  |b Transformar los negocios para el mundo del maąna /  |c Pavan Sukhdev 
256 |a Servicio en ln̕ea 
260 |a Bogot:̀  |b ECOE,  |c 2013 
300 |a 1 recurso electrn̤ico 
500 |a Nos estamos acercando imprudentemente a sobrepasar los lm̕ites del planeta en diferentes frentes: el clima, la biodiversidad, el agua potable, los ocǎnos, los arrecifes de coral, el nitrg̤eno y el fs̤foro. Para evitar cruzar estos lm̕ites necesitamos grandes cambios para el aǫ 2020 en la forma de gobernar, de utilizar los recursos y en la forma de dirigir la economa̕. ¿Quiň puede llevar a cabo tales cambios en tan corto plazo? Hoy en da̕, las corporaciones son el agente ms̀ importante de nuestra economa̕ global. Ellas determinan el rumbo de la economa̕ y el uso de los recursos naturales, influyen a los ciudadanos y a los creadores de polt̕icas pb︢licas, y tienen el poder para lograr una verdadera transformacin̤. Sin embargo, las corporaciones estǹ guiǹdonos por el peligroso camino de “la forma usual de hacer los negocios”. Esto se debe a nuestro modelo corporativo anacrn̤ico, “la Corporacin̤ de 1920”. Necesitamos un nuevo tipo de Corporacin̤, no sl̤o una que sea financiera sino hols̕ticamente sostenible para las personas y el planeta. Esta es la “Corporacin̤ 2020”. 
506 1 |a Disponible solo en los productos indicados  |d vLex Global  |d vLex Global (Academic Edition, excluding Law Schools)  |d vLex Global (U.S. Academic Edition, Law Schools)  |d vLex Global (U.S. Academic Edition, excluding Law Schools)  |d vLex Global (Academic Edition, Law Schools) 
650 0 4 |a Economa̕ y negocios  |z Colombia 
740 0 |a vLex Libros (Servicio en ln̕ea) 
856 |u https://app.vlex.com/#/sources/35800  |z Acceso restringido 
942 |c BOOK 
999 0 |a Economy and business